|
|
|
|
| LEADER |
01023nam a22002417a 4500 |
| 001 |
29661 |
| 003 |
BD-DhAAL |
| 005 |
20240912112559.0 |
| 008 |
150902s1978 bg a|||| |||| 00| 0 eng d |
| 040 |
|
|
|a BD-DhAAL
|c BD-DhAAL
|
| 082 |
|
|
|2 22
|a 307.1412095492
|
| 245 |
|
|
|a Follow-up survey of monthly Gonokendra /
|c BRAC.
|
| 264 |
|
|
|a Dhaka :
|b Research and Evaluation Division, BRAC,
|c 1978.
|
| 300 |
|
|
|a 57 pages :
|b illustrations ;
|c 34 cm.
|
| 541 |
|
|
|e 29661
|
| 610 |
|
|
|a BRAC
|9 14372
|
| 650 |
|
|
|a Rural Development
|z Bangladesh.
|9 14373
|
| 710 |
|
|
|a BRAC
|9 14372
|
| 852 |
|
|
|a Ayesha Abed Library
|c BRAC Resource Section
|
| 942 |
|
|
|2 ddc
|c BK
|
| 999 |
|
|
|c 35417
|d 35417
|
| 952 |
|
|
|0 0
|1 0
|2 ddc
|4 0
|6 307_141209549200000_FOL
|7 1
|9 55696
|a BRACUL
|b BRACUL
|c BRS
|d 2015-09-02
|e BRAC
|l 1
|o 307.1412095492 FOL
|p 3010029661
|r 2025-12-30
|s 2025-03-23
|t 1
|w 2015-09-02
|y BK
|x BRAC
|
| 952 |
|
|
|0 0
|1 0
|2 ddc
|4 0
|6 307_141209549200000_FOL
|7 1
|9 55697
|a BRACUL
|b BRACUL
|c BRS
|d 2015-09-02
|e BRAC
|l 1
|o 307.1412095492 FOL
|p 3010029660
|r 2025-12-30
|s 2025-03-23
|t 2
|w 2015-09-02
|y BK
|x BRAC
|